01311nam a2200205Ia 4500008004100000020001500041050001800056100002500074245008100099260006500180300002300245336001000268337001400278338001200292500003800304505067400342650002901016650002501045650003501070120625s2005 mx 000 0 spa d a9707680237 4aKZ6310 bA5271 aAmbos, Kaie, autor.14aLos Crímenes más graves en el derecho penal internacional c/ Kai Ambos.3 aMéxico b: Instituto Nacional de Ciencias Penalesc, 2005. axi, 249 páginas. aTexto aSin medio aVolumen aIncluye apéndices (pp. 239-249)1 aLos crímenes más graves (core crimes) en el Derecho Penal Internacional A. El crimen de genocidio Historia jurídica Actus reus Mens rea B. Crímenes contra la humanidad El elemento de contexto Los actos individuales C. Crímenes de guerra Observaciones generales Crimenes individuales El derecho actual sobre crímenes en contra de la humanidad Introducción El elemento de contexto Los actos inhumanos individuales Anexo 1: Los elementos de los crímenes en contra de la humanidad Anexo 2: Sinopsis de la sección 5 de la regulación 15/2000 y del artículo 7 del Estatuto de Roma. Apéndices Crimenes internacionales en el Derecho Penal Internacional14aDELITOS INTERNACIONALES 24aJURISDICCIÓN PENAL24aCRÍMENES CONTRA LA HUMANIDAD